[Event "Championnat de France - Accession"]
[Site "Nimes"]
[Date "2009.08.12"]
[Round "2.16"]
[White "Di Nicolantonio, Lucas"]
[Black "Ravot, Sylvain"]
[Result "1-0"]
[WhiteElo "2100"]
[BlackElo "2276"]
[PlyCount "103"]

1. e4 c5 2. Nf3 Nc6 3. d4 cxd4 4. Nxd4 g6 5. Nc3 Bg7 6. Be3 Nf6 7. Nxc6 bxc6 8.
e5 Ng8 9. Bd4 f6 10. exf6 Nxf6 11. Bd3 O-O 12. O-O d6 13. f3 Nh5 14. Bc4+ Kh8
15. Bxg7+ Kxg7 16. Bb3 e5 17. Qd2 a5 18. Rfe1 Qc7 19. Rad1 d5 20. Nxd5 cxd5 21.
Qxd5 Ra7 22. Rxe5 Qb6+ 23. Qd4 Rf6 24. Qxb6 Rxb6 25. a4 Nf6 26. Rd8 Rc6 27. g4
h6 28. h4 Nh7 29. g5 hxg5 30. hxg5 Nxg5 31. Rxg5 Bf5 32. Rg2 Re7 33. Rdd2 Re1+
34. Kh2 Rc8 35. Rge2 Rh8+ 36. Kg3 Rh3+ 37. Kf2 Rb1 38. c3 Rh4 39. Ke3 Rh8 40.
Bd5 Rb8 41. Bc6 Bh3 42. Be4 Ra1 43. Rd6 Rxa4 44. Rxg6+ Kf7 45. Ra6 Be6 46. Rh2
Ba2 47. Rh7+ Kg8 48. Raa7 Re8 49. Rh5 Rb8 50. Rhxa5 Rxa5 51. Rxa5 Rxb2 52. Rxa2
1-0

[Event "Championnat de France - Accession"]
[Site "Nimes"]
[Date "2009.08.12"]
[Round "2.17"]
[White "Saucey, Michel"]
[Black "Kassis, Antoine"]
[Result "1/2-1/2"]
[WhiteElo "2366"]
[BlackElo "2183"]
[PlyCount "90"]

1. d4 Nf6 2. c4 Nc6 3. Nf3 e6 4. a3 d6 5. g3 g6 6. Bg2 Bg7 7. O-O O-O 8. Nc3
Re8 9. e3 a5 10. h3 Nd7 11. b3 e5 12. Bb2 f5 13. dxe5 Ncxe5 14. Qc2 Nxf3+ 15.
Bxf3 Ne5 16. Bd5+ Kh8 17. Ne2 c6 18. Bg2 a4 19. b4 Be6 20. Nf4 Bf7 21. c5 Bb3
22. Qc1 Kg8 23. Bd4 dxc5 24. bxc5 Qc7 25. Qc3 Rad8 26. Rfb1 Qf7 27. h4 Qc4 28.
Qb2 Nd3 29. Nxd3 Bxd4 30. exd4 Qxd3 31. Re1 Rxe1+ 32. Rxe1 Qxd4 33. Qc1 Qd1 34.
Rxd1 Rxd1+ 35. Qxd1 Bxd1 36. f4 Kf7 37. Kf2 Kf6 38. Ke3 h6 39. Bf1 Bb3 40. Bd3
g5 41. Kd4 gxh4 42. gxh4 Bd1 43. Bb1 Ke6 44. Bd3 Bb3 45. Bb1 Kf6 1/2-1/2

[Event "Championnat de France - Accession"]
[Site "Nimes"]
[Date "2009.08.12"]
[Round "2.18"]
[White "Daurelle, Herve"]
[Black "Salus, Stephane"]
[Result "1-0"]
[WhiteElo "2292"]
[BlackElo "2218"]
[PlyCount "73"]

1. e4 c5 2. Nf3 b6 3. d4 cxd4 4. Nxd4 Bb7 5. Nc3 a6 6. Bd3 e6 7. O-O Bc5 8. Nb3
Be7 9. Re1 d6 10. Qg4 g6 11. Qe2 Nd7 12. a4 Ngf6 13. Bh6 Bf8 14. Bxf8 Kxf8 15.
Rad1 Qc7 16. Qd2 Kg7 17. Bf1 Ne8 18. Re3 Rd8 19. f4 Qb8 20. f5 Nef6 21. fxe6
fxe6 22. Nd4 Rhe8 23. e5 Ng4 24. exd6 Qxd6 25. Rg3 Qc5 26. Rxg4 e5 27. b4 Qc8
28. Rh4 h5 29. Rxh5 gxh5 30. Qg5+ Kh8 31. Qxh5+ Kg7 32. Qg5+ Kf7 33. Qh5+ Kf6
34. Qh6+ Kf7 35. Qh7+ Kf8 36. Nf5 Re7 37. Qh8+ 1-0

[Event "Championnat de France - Accession"]
[Site "Nimes"]
[Date "2009.08.12"]
[Round "2.19"]
[White "Sochacki, Christophe"]
[Black "Migot, Tangi"]
[Result "1/2-1/2"]
[WhiteElo "2274"]
[BlackElo "2114"]
[PlyCount "140"]

1. e4 c5 2. Nf3 d6 3. d4 cxd4 4. Nxd4 Nf6 5. Nc3 a6 6. Bg5 e6 7. f4 Qb6 8. Qd2
Qxb2 9. Rb1 Qa3 10. e5 h6 11. Bh4 dxe5 12. fxe5 Nfd7 13. Ne4 Qxa2 14. Rd1 Qd5
15. Qe3 Qxe5 16. Be2 Bc5 17. Bg3 Bxd4 18. Rxd4 Qa5+ 19. Rd2 O-O 20. Bd6 Nc6 21.
O-O f5 22. Bxf8 Nxf8 23. Nd6 Ne5 24. Rb1 Nfg6 25. Rdd1 Kh7 26. c4 Qc7 27. h4
Nf7 28. h5 Nge5 29. c5 Rb8 30. Kh1 Bd7 31. Qg3 Rf8 32. Rxb7 Qxc5 33. Rxd7 Nxd7
34. Nxf7 Rxf7 35. Rxd7 Rxd7 36. Qg6+ Kg8 37. Qxe6+ Kh8 38. Qe8+ Kh7 39. Qxd7
Qf2 40. Qd3 a5 41. g4 Kh8 42. gxf5 a4 43. Qe4 Qg3 44. Bd3 Qh3+ 45. Kg1 Qg3+ 46.
Kf1 Qh3+ 47. Ke1 Qg3+ 48. Kd1 Qg1+ 49. Kc2 Qf2+ 50. Kb1 Qb6+ 51. Ka1 Qf6+ 52.
Ka2 Kh7 53. Bb1 a3 54. Kxa3 Qa6+ 55. Kb4 Qb6+ 56. Kc4 Qa6+ 57. Kd5 Qb5+ 58. Kd4
Qb4+ 59. Ke5 Qb8+ 60. Kd4 Qb4+ 61. Ke3 Qe1+ 62. Kf3 Qf1+ 63. Kg3 Qg1+ 64. Kf4
Qf2+ 65. Qf3 Qh4+ 66. Ke5 Qe7+ 67. Kf4 Qh4+ 68. Qg4 Qf2+ 69. Ke5 Qb2+ 70. Ke6
Qxb1 1/2-1/2

[Event "Championnat de France - Accession"]
[Site "Nimes"]
[Date "2009.08.12"]
[Round "2.20"]
[White "Dijoux, Frederic"]
[Black "Dubreuil, Julien"]
[Result "0-1"]
[WhiteElo "2152"]
[BlackElo "2250"]
[PlyCount "128"]

1. Nc3 d5 2. e4 e6 3. Nf3 Nf6 4. e5 Nfd7 5. d4 c5 6. dxc5 Nc6 7. Bf4 Bxc5 8.
Bd3 f6 9. exf6 Nxf6 10. O-O O-O 11. Qd2 Bd7 12. a3 Nh5 13. Bg5 Qe8 14. Rae1 Qf7
15. b4 Bd6 16. b5 Ne7 17. Ne5 Bxe5 18. Rxe5 Ng6 19. Bxg6 Qxg6 20. Rfe1 Rf7 21.
Ne2 Raf8 22. Nd4 Rxf2 23. Qxf2 Rxf2 24. Kxf2 Nf6 25. Bxf6 gxf6 26. R5e3 Kf7 27.
Nxe6 Bxe6 28. Rxe6 Qxc2+ 29. R6e2 Qc5+ 30. Re3 d4 31. Re4 Qxa3 32. Rd1 d3 33.
Rd2 Qc5+ 34. Re3 Qxb5 35. Rexd3 Qc5+ 36. Kf3 h5 37. Rd5 Qc6 38. Kf4 Kg6 39. h3
Qc4+ 40. R5d4 Qc7+ 41. Kf3 b5 42. Rd8 Qc4 43. R2d4 Qf1+ 44. Ke3 Qe1+ 45. Kf3
Qe6 46. R4d6 Qf5+ 47. Ke3 b4 48. g4 Qe5+ 49. Kf3 Qc3+ 50. Kf4 Qc4+ 51. Rd4 Qf1+
52. Ke4 Qxh3 53. gxh5+ Qxh5 54. R4d7 Qe5+ 55. Kf3 Qc3+ 56. Kf4 Qc4+ 57. Rd4
Qf1+ 58. Kg3 Qg1+ 59. Kf3 Qf1+ 60. Kg3 b3 61. Rg4+ Kf7 62. Rd7+ Ke6 63. Rgd4 b2
64. R4d6+ Kf5 0-1

[Event "Championnat de France - Accession"]
[Site "Nimes"]
[Date "2009.08.12"]
[Round "2.21"]
[White "Carpentier, Pierre"]
[Black "Lamard, Guillaume"]
[Result "1/2-1/2"]
[WhiteElo "2247"]
[BlackElo "2101"]
[PlyCount "67"]

1. e4 c5 2. Nc3 Nc6 3. Nf3 e6 4. Bb5 Nd4 5. Nxd4 cxd4 6. Ne2 Bc5 7. O-O a6 8.
Ba4 b5 9. Bb3 Bb7 10. d3 Ne7 11. c3 Nc6 12. Ng3 h5 13. h3 Qh4 14. Ne2 Qf6 15.
a4 h4 16. axb5 axb5 17. Rxa8+ Bxa8 18. cxd4 Nxd4 19. Nxd4 Bxd4 20. Qe2 O-O 21.
Kh1 Bc6 22. f4 Qe7 23. f5 Ra8 24. Be3 Qc5 25. Bg5 Qb4 26. fxe6 dxe6 27. Qc2 Rc8
28. Bxh4 Bb7 29. Qd1 Bxb2 30. Qh5 Qxb3 31. Qxf7+ Kh7 32. Qh5+ Kg8 33. Qf7+ Kh7
34. Qh5+ 1/2-1/2

[Event "Championnat de France - Accession"]
[Site "Nimes"]
[Date "2009.08.12"]
[Round "2.22"]
[White "Maatoug, Redwan"]
[Black "Jeanne, Mickael"]
[Result "1-0"]
[WhiteElo "2245"]
[BlackElo "2148"]
[PlyCount "71"]

1. d4 e6 2. c4 f5 3. Nc3 Nf6 4. Nf3 Bb4 5. g3 b6 6. Bg2 Bb7 7. O-O O-O 8. Qb3
Bxc3 9. Qxc3 d6 10. a3 Ne4 11. Qc2 Nd7 12. b4 a5 13. Bb2 axb4 14. axb4 Rxa1 15.
Bxa1 b5 16. d5 e5 17. Nh4 g6 18. Bxe4 fxe4 19. Qxe4 Nf6 20. Qc2 bxc4 21. e4 Qd7
22. Qxc4 Rf7 23. b5 Qh3 24. f3 Bc8 25. Ng2 h5 26. b6 cxb6 27. Qc6 Qd7 28. Rc1
Bb7 29. Qxb6 Ne8 30. Qe3 Kh7 31. f4 exf4 32. Nxf4 Nf6 33. Bxf6 Rxf6 34. Ne6 Qa4
35. Rc7+ Kg8 36. Rg7+ 1-0

[Event "Championnat de France - Accession"]
[Site "Nimes"]
[Date "2009.08.12"]
[Round "2.23"]
[White "Serralta, Michel"]
[Black "Jolly, Jean-Francois"]
[Result "1/2-1/2"]
[WhiteElo "2137"]
[BlackElo "2366"]
[PlyCount "124"]

1. d4 Nf6 2. c4 e6 3. Nc3 Bb4 4. e3 b6 5. Bd3 Bb7 6. Nf3 Ne4 7. O-O f5 8. d5
Bxc3 9. bxc3 Nc5 10. Ba3 Nba6 11. Bc2 Qf6 12. Qd4 Rf8 13. Rad1 O-O-O 14. Qxf6
Rxf6 15. dxe6 d6 16. Nd4 g6 17. f3 Nxe6 18. e4 fxe4 19. fxe4 Rxf1+ 20. Rxf1
Nec5 21. Rf7 Rd7 22. Rf8+ Rd8 23. Rf7 Rh8 24. Bxc5 bxc5 25. Ne6 Bc6 26. Rf8+
Rxf8 27. Nxf8 Nb8 28. Nxh7 Nd7 29. h4 Ne5 30. Kf2 Kd7 31. Ke3 Ke7 32. Kf4 Bd7
33. Ng5 a5 34. Nf3 Nxc4 35. e5 a4 36. Bxg6 Be6 37. exd6+ cxd6 38. Bc2 Nb6 39.
Bb1 a3 40. Ke3 Nd5+ 41. Kd2 Nf4 42. Ne1 Kf6 43. c4 Bxc4 44. g4 d5 45. g5+ Kg7
46. Nc2 d4 47. Nxa3 Bf7 48. Nb5 Ng2 49. Nd6 Bg6 50. Be4 Nxh4 51. a4 Bxe4 52.
Nxe4 c4 53. a5 Nf3+ 54. Kc2 Ne5 55. a6 Nc6 56. Nc5 Kg6 57. Kb2 c3+ 58. Ka3 Kxg5
59. Ne6+ Kf6 60. Nxd4 Nxd4 61. a7 Nb5+ 62. Kb3 Nxa7 1/2-1/2

[Event "Championnat de France - Accession"]
[Site "Nimes"]
[Date "2009.08.12"]
[Round "2.24"]
[White "Guilleux, Fabien"]
[Black "Nass, Emile"]
[Result "1-0"]
[WhiteElo "2381"]
[BlackElo "2186"]
[PlyCount "124"]

1. d4 Nf6 2. Nf3 e6 3. c4 b6 4. a3 Bb7 5. Nc3 Be7 6. Qc2 d5 7. cxd5 Nxd5 8. e4
Nxc3 9. bxc3 c5 10. Bb5+ Bc6 11. Bd3 Nd7 12. O-O h6 13. Rd1 Qc7 14. d5 exd5 15.
exd5 Bxd5 16. Be4 Bxe4 17. Qxe4 Rc8 18. Bf4 Nf6 19. Qe3 Ng4 20. Qd3 Qb7 21.
Qb5+ Qc6 22. Qa6 O-O 23. Qxa7 Rfe8 24. c4 Bf6 25. Rab1 Ra8 26. Qxb6 Qxb6 27.
Rxb6 Rxa3 28. h3 Ne5 29. Bxe5 Bxe5 30. Rb5 Bd4 31. Nxd4 cxd4 32. Rxd4 Re7 33.
h4 g6 34. h5 gxh5 35. Rxh5 Re6 36. Rf5 Re7 37. g3 Rc7 38. c5 Rc3 39. Rdd5 Kg7
40. Kg2 Kg6 41. Kh3 Rc4 42. g4 Rc6 43. Kg3 Rc3+ 44. f3 Rc4 45. Rd7 Rf6 46.
Rxf6+ Kxf6 47. Rd5 Ke6 48. Rf5 Rc1 49. Kf4 f6 50. Ke3 Rc4 51. Kd3 Rc1 52. Kd4
Rc2 53. Rh5 Rf2 54. Rh3 Rf1 55. Kc4 Rf2 56. Rxh6 Rxf3 57. g5 Kd7 58. Rxf6 Rg3
59. Rg6 Rg1 60. c6+ Kc7 61. Kd5 Rd1+ 62. Ke5 Re1+ 1-0

[Event "Championnat de France - Accession"]
[Site "Nimes"]
[Date "2009.08.12"]
[Round "2.25"]
[White "Grimberg, Gilbert"]
[Black "Prodhomme, Boris"]
[Result "1-0"]
[WhiteElo "2336"]
[BlackElo "2183"]
[PlyCount "63"]

1. d4 d5 2. Nf3 Nf6 3. Bf4 c5 4. e3 Nc6 5. c3 Qb6 6. Qb3 c4 7. Qc2 Bf5 8. Qc1
Nh5 9. Nbd2 Nxf4 10. exf4 Qc7 11. g3 f6 12. Nh4 Bg4 13. Bg2 Rd8 14. O-O e5 15.
fxe5 fxe5 16. dxe5 Bc5 17. b4 Bb6 18. a4 a6 19. Ndf3 O-O 20. Qg5 Be6 21. b5
axb5 22. axb5 h6 23. Qd2 Na5 24. Rxa5 Bxa5 25. Nd4 Qd7 26. Ng6 Rfe8 27. Nf4 Bb6
28. Ndxe6 Rxe6 29. Bh3 Rde8 30. Bxe6+ Rxe6 31. Nxe6 Qxe6 32. Rd1 1-0

[Event "Championnat de France - Accession"]
[Site "Nimes"]
[Date "2009.08.12"]
[Round "2.26"]
[White "Stephan, Victor"]
[Black "Strugnell, Carl"]
[Result "1-0"]
[WhiteElo "2198"]
[BlackElo "2280"]
[PlyCount "83"]

1. e4 c5 2. Nf3 d6 3. Bb5+ Nc6 4. O-O Bd7 5. Re1 Nf6 6. c3 a6 7. Bf1 Bg4 8. d3
e6 9. Nbd2 Be7 10. h3 Bh5 11. g4 Bg6 12. Nh4 Nd7 13. Nxg6 hxg6 14. f4 Qc7 15.
Nf3 O-O-O 16. Bd2 e5 17. b4 cxb4 18. cxb4 Nxb4 19. Bxb4 Qb6+ 20. d4 Qxb4 21.
Rb1 Qa5 22. Qb3 b6 23. Rec1+ Kb7 24. Qc4 Rc8 25. Qxf7 Qa3 26. Qxe7 Rxc1 27.
Rxc1 Qxc1 28. Qxd7+ Ka8 29. Qa4 a5 30. Qc4 Qb2 31. Qc6+ Ka7 32. Qc7+ Ka8 33.
Qc6+ Ka7 34. Qd7+ Ka8 35. dxe5 dxe5 36. Nxe5 Qa3 37. Qd5+ Kb8 38. Nc6+ Kc8 39.
Ba6+ Kc7 40. Qf7+ Kxc6 41. Qb7+ Kd6 42. e5+ 1-0

[Event "Championnat de France - Accession"]
[Site "Nimes"]
[Date "2009.08.12"]
[Round "2.27"]
[White "Forgues, Fabien"]
[Black "Rabineau, Clement"]
[Result "1/2-1/2"]
[WhiteElo "2184"]
[BlackElo "2263"]
[PlyCount "104"]

1. e4 d5 2. exd5 Qxd5 3. Nc3 Qd6 4. d4 Nf6 5. Nf3 a6 6. h3 b5 7. a3 Bb7 8. Be3
Nbd7 9. g3 e6 10. Bg2 c5 11. dxc5 Qxd1+ 12. Rxd1 Bxc5 13. Bxc5 Nxc5 14. O-O Ke7
15. Ne5 Rac8 16. Rd4 Bxg2 17. Kxg2 Rc7 18. Rfd1 Rhc8 19. R1d2 Nfd7 20. Nxd7
Nxd7 21. a4 Nb6 22. axb5 axb5 23. Rb4 Rc5 24. Rxb5 Rxb5 25. Nxb5 Nc4 26. Re2
Nxb2 27. Nd4 Nc4 28. f4 Kd6 29. Nf3 Na3 30. Ne1 Rc3 31. Rd2+ Ke7 32. Rd3 Rxd3
33. cxd3 Kd6 34. Kf2 Kd5 35. Ke3 h6 36. Nf3 Nc2+ 37. Kf2 f6 38. g4 g5 39. Kg3
Nd4 40. Ng1 Nb3 41. fxg5 hxg5 42. h4 gxh4+ 43. Kxh4 Nc5 44. g5 fxg5+ 45. Kxg5
Nxd3 46. Nf3 Ne5 47. Nh4 Nd3 48. Ng6 Kd4 49. Kf6 Nc5 50. Nf4 e5 51. Ne2+ Kd5
52. Nc3+ Kd6 1/2-1/2

[Event "Championnat de France - Accession"]
[Site "Nimes"]
[Date "2009.08.12"]
[Round "2.28"]
[White "Poignot, Quentin"]
[Black "Ouakhir, Mehdi"]
[Result "1-0"]
[WhiteElo "2183"]
[BlackElo "2237"]
[PlyCount "82"]

1. e4 e5 2. Nf3 Nc6 3. Bb5 d6 4. O-O Bd7 5. c3 Nf6 6. Re1 Be7 7. d4 O-O 8. Ba4
Qe8 9. Bc2 Bg4 10. d5 Nb8 11. h3 Bc8 12. Nbd2 h6 13. Nf1 Nh7 14. Ng3 a5 15. Be3
Ng5 16. Nh2 c6 17. c4 b5 18. b3 Nh7 19. Nf5 Bxf5 20. exf5 bxc4 21. bxc4 cxd5
22. cxd5 Nd7 23. Ba4 Bg5 24. Bc6 Bxe3 25. Rxe3 Ra7 26. Rg3 Qe7 27. Qg4 Qg5 28.
Qf3 Qe7 29. Qe3 Nc5 30. Qxh6 Qf6 31. Qh5 e4 32. Rf1 Nd3 33. Ng4 Qd4 34. Ne3 Rb8
35. Qg4 f6 36. Qh5 Re7 37. Rg4 Nxf2 38. Rh4 Qxe3 39. Qxh7+ Kf8 40. Qh8+ Kf7 41.
Ba8 Nxh3+ 1-0

[Event "Championnat de France - Accession"]
[Site "Nimes"]
[Date "2009.08.12"]
[Round "2.29"]
[White "Wunderman, Xavier"]
[Black "Weill, Roland"]
[Result "0-1"]
[WhiteElo "2169"]
[BlackElo "2227"]
[Annotator "Rivier,Sylvain"]
[PlyCount "93"]

1. e4 c5 2. Nc3 Nc6 3. Bb5 Nd4 4. Bc4 e6 5. Nf3 Ne7 6. d3 Nec6 7. O-O Be7 8. e5
Nxf3+ 9. Qxf3 Nxe5 10. Qg3 Ng6 11. f4 f5 12. Qh3 O-O 13. Bd2 d5 14. Bb3 c4 15.
Ba4 a6 16. Qh5 b5 17. Rf3 Rf6 18. dxc4 dxc4 19. Be3 Bb7 20. Rd1 Qe8 21. Rh3 Nf8
22. Qxe8 Rxe8 23. Nxb5 axb5 24. Bxb5 Rc8 25. Rg3 Bd5 26. a4 Rg6 27. Kf1 Rxg3
28. hxg3 Bc5 29. Kf2 Bxe3+ 30. Kxe3 Bxg2 31. Rd6 Bd5 32. Kd4 Kf7 33. a5 Ke7 34.
Ra6 Rc7 35. Ba4 Rb7 36. Ke3 Nd7 37. Bc6 Bxc6 38. Rxc6 e5 39. Rxc4 exf4+ 40.
gxf4 h5 41. b4 h4 42. Kf3 Rb8 43. Rc3 Rh8 44. Rb3 Kf6 45. a6 g5 46. fxg5+ Kxg5
47. c4 {suite illisible} 0-1

[Event "Championnat de France - Accession"]
[Site "Nimes"]
[Date "2009.08.12"]
[Round "2.30"]
[White "Ollier, Pablo"]
[Black "Barret, Simon"]
[Result "1-0"]
[WhiteElo "2226"]
[BlackElo "2166"]
[PlyCount "117"]

1. d4 Nf6 2. c4 g6 3. Nc3 Bg7 4. e4 d6 5. Nf3 O-O 6. Be2 e5 7. dxe5 dxe5 8.
Qxd8 Rxd8 9. Nd5 Nxd5 10. cxd5 c6 11. Bc4 cxd5 12. Bxd5 Nd7 13. Bg5 Re8 14. Nd2
Nc5 15. Nc4 Bf8 16. Rd1 Be6 17. f3 Rac8 18. b3 Kg7 19. Ke2 b5 20. Na5 Bxd5 21.
exd5 e4 22. Nc6 a6 23. Be3 Nd7 24. Bd4+ f6 25. fxe4 Rxe4+ 26. Kd3 Rce8 27. Nd8
R4e7 28. Ne6+ Kf7 29. Rc1 Bh6 30. Rc7 Nf8 31. Bc5 Rxc7 32. Nxc7 Rd8 33. Re1 Nd7
34. Bd6 Nb6 35. Re7+ Kg8 36. Re6 Rd7 37. Ke4 Kf7 38. Kd4 Nc8 39. Ne8 Ne7 40.
Bxe7 Rxe7 41. Nd6+ Kf8 42. Rxf6+ Kg8 43. Re6 Rc7 44. Re8+ Bf8 45. Rc8 Rd7 46.
Ne4 Kf7 47. Ng5+ Ke7 48. Ne6 Bh6 49. Ra8 Bd2 50. Rxa6 b4 51. h3 Kf7 52. Rc6
Bc3+ 53. Ke4 Bf6 54. Rc7 Rxc7 55. Nxc7 Ke7 56. Nb5 h5 57. Nd4 Kd7 58. Nc6 Bc3
59. Ne5+ 1-0

[Event "Championnat de France - Accession"]
[Site "Nimes"]
[Date "2009.08.12"]
[Round "2.31"]
[White "Callet, Emmanuel"]
[Black "Velten, Paul"]
[Result "0-1"]
[WhiteElo "2215"]
[BlackElo "2153"]
[PlyCount "45"]

1. Nf3 d5 2. d4 Nf6 3. c4 dxc4 4. e3 Bg4 5. Bxc4 e6 6. Qb3 Bxf3 7. gxf3 b6 8.
Nc3 Be7 9. e4 Qxd4 10. Be3 Qe5 11. O-O-O O-O 12. f4 Qh5 13. e5 Ng4 14. Ne4 Nc6
15. Be2 Qh3 16. Bxg4 Qxg4 17. Rhg1 Qf3 18. Qc4 Nb4 19. Rg3 Nxa2+ 20. Kc2 Nb4+
21. Kc1 b5 22. Qd4 Qe2 23. Nf6+ 0-1

[Event "Championnat de France - Accession"]
[Site "Nimes"]
[Date "2009.08.12"]
[Round "2.32"]
[White "Lewis, John"]
[Black "Favarel, Antoine"]
[Result "0-1"]
[WhiteElo "2147"]
[BlackElo "2213"]
[PlyCount "60"]

1. d4 d5 2. c4 e6 3. Nf3 Nf6 4. Bg5 Nbd7 5. e3 c6 6. Nc3 Qa5 7. Bxf6 Nxf6 8.
Nd2 dxc4 9. Bxc4 Be7 10. O-O e5 11. Qb3 O-O 12. d5 cxd5 13. Bxd5 Nxd5 14. Nxd5
Bd8 15. Rfd1 Bg4 16. f3 Be6 17. Nf1 Bb6 18. Kh1 Rfd8 19. e4 Bd4 20. Ne7+ Kf8
21. Qxb7 Rdb8 22. Nc6 Rxb7 23. Nxa5 Rb6 24. Nb3 Bxb3 25. axb3 Rxb3 26. Ra3 Rxb2
27. Ne3 g6 28. Rc1 Re2 29. Nc4 Rc8 30. Rb3 Rxc4 0-1

[Event "Championnat de France - Accession"]
[Site "Nimes"]
[Date "2009.08.12"]
[Round "2.33"]
[White "Depoorter, Enguerran"]
[Black "Rodier, David"]
[Result "1/2-1/2"]
[WhiteElo "2207"]
[BlackElo "2145"]
[PlyCount "97"]

1. e4 c5 2. Nf3 d6 3. Bb5+ Bd7 4. Bxd7+ Qxd7 5. O-O Nf6 6. e5 dxe5 7. Nxe5 Qc7
8. d4 cxd4 9. Bf4 Qc8 10. Na3 e6 11. Nb5 Nd5 12. Qf3 Be7 13. Bg3 O-O 14. Nxd4
Nd7 15. c3 Nxe5 16. Bxe5 Bf6 17. Rfe1 Rd8 18. Re4 Bxe5 19. Rxe5 Nf6 20. Rae1
Rd5 21. Rxd5 Nxd5 22. h3 Qc4 23. a3 Rd8 24. Re4 Qa2 25. Re2 Qb1+ 26. Kh2 Qc1
27. g3 Qh6 28. c4 Qf6 29. cxd5 Qxd4 30. dxe6 fxe6 31. Qxb7 Rd7 32. Qc6 e5 33.
Qe6+ Rf7 34. Kg2 h6 35. f3 Qd3 36. Rf2 Qe3 37. Qd5 g6 38. Qe4 Qxe4 39. fxe4 Rb7
40. b4 Rb6 41. Rd2 Ra6 42. Rd5 Rxa3 43. Rxe5 Rb3 44. Re8+ Kf7 45. Ra8 Rxb4 46.
Rxa7+ Kf6 47. Ra6+ Kg5 48. h4+ Kh5 49. g4+ 1/2-1/2

[Event "Championnat de France - Accession"]
[Site "Nimes"]
[Date "2009.08.12"]
[Round "2.34"]
[White "Villegas, Pierre"]
[Black "Lacroix, Romain"]
[Result "1-0"]
[WhiteElo "2202"]
[BlackElo "2141"]
[PlyCount "79"]

1. d4 d5 2. c4 c6 3. Nf3 Nf6 4. e3 a6 5. Bd3 b5 6. b3 Bg4 7. Nbd2 Nbd7 8. Qc2
e6 9. O-O Be7 10. Bb2 Bh5 11. Ne5 Nxe5 12. dxe5 Nd7 13. e4 dxc4 14. Bxc4 bxc4
15. Nxc4 O-O 16. f3 f6 17. Rfd1 fxe5 18. Nxe5 Qb6+ 19. Bd4 Bc5 20. Nxd7 Bxd4+
21. Kh1 Qa7 22. Nxf8 Bxa1 23. Nxe6 Bf6 24. Qxc6 Re8 25. Nc7 Rf8 26. e5 Bg5 27.
Ne6 Be7 28. Nxf8 Bxf8 29. Qc4+ Kh8 30. Rd8 Qe7 31. Qh4 g5 32. Rxf8+ Qxf8 33.
Qxh5 Qd8 34. h4 gxh4 35. Qf7 Qd1+ 36. Kh2 h6 37. Qf8+ Kh7 38. Qe7+ Kg8 39. Qxh4
Qe2 40. Qc4+ 1-0

[Event "Championnat de France - Accession"]
[Site "Nimes"]
[Date "2009.08.12"]
[Round "2.35"]
[White "Iwanesko, Alexandre"]
[Black "Camus, Berenger"]
[Result "1/2-1/2"]
[WhiteElo "2101"]
[BlackElo "2200"]
[PlyCount "77"]

1. e4 c5 2. Nf3 Nc6 3. d4 cxd4 4. Nxd4 Nf6 5. Nc3 e5 6. Ndb5 d6 7. Bg5 a6 8.
Na3 b5 9. Nd5 Be7 10. Bxf6 Bxf6 11. c3 Bb7 12. Nc2 Nb8 13. a4 bxa4 14. Rxa4 Nd7
15. b4 O-O 16. c4 a5 17. Bd3 axb4 18. Rxb4 Nc5 19. O-O Bg5 20. Qe2 Bc6 21. Rfb1
g6 22. Rb6 Bxd5 23. cxd5 Ra4 24. R6b4 Rxb4 25. Nxb4 Qa5 26. Nc6 Qc3 27. Rd1 Ra8
28. h3 Ra4 29. g3 Ra3 30. Bb1 Ra1 31. Rf1 Qb3 32. Bc2 Ra2 33. Qg4 Rxc2 34. Qxg5
Nxe4 35. Qh6 Qb7 36. Ra1 Rxc6 37. dxc6 Qxc6 38. Rc1 Nc3 39. Re1 1/2-1/2

[Event "Championnat de France - Accession"]
[Site "Nimes"]
[Date "2009.08.12"]
[Round "2.36"]
[White "Houard, Yannick"]
[Black "Ber, Yves"]
[Result "1/2-1/2"]
[WhiteElo "2200"]
[BlackElo "2040"]
[PlyCount "46"]

1. e4 b6 2. d4 Bb7 3. Bd3 g6 4. Nf3 Bg7 5. c3 d6 6. O-O Nd7 7. Qe2 e5 8. Ba6
Qc8 9. Bxb7 Qxb7 10. d5 Ne7 11. c4 a5 12. Nc3 f6 13. Be3 h5 14. Qc2 Bh6 15.
Bxh6 Rxh6 16. a3 g5 17. b4 Ng6 18. Rfc1 Ke7 19. Nd1 g4 20. Ne1 Nf4 21. Ne3 Kf7
22. Nf5 Rh7 23. Nh4 Qc8 1/2-1/2

[Event "Championnat de France - Accession"]
[Site "Nimes"]
[Date "2009.08.13"]
[Round "3.1"]
[White "Ider, Borya"]
[Black "Lagarde, Maxime"]
[Result "0-1"]
[WhiteElo "2234"]
[BlackElo "2352"]
[PlyCount "62"]

1. d4 Nf6 2. c4 g6 3. Nc3 d5 4. Nf3 Bg7 5. Qb3 dxc4 6. Qxc4 O-O 7. Bf4 Be6 8.
Qxc7 Nc6 9. Qxd8 Rfxd8 10. e3 Nb4 11. Rc1 Nxa2 12. Nxa2 Bxa2 13. Be2 Rac8 14.
O-O Nd5 15. Be5 Bh6 16. g4 f6 17. Bg3 Nb4 18. h4 Bd5 19. g5 Bg7 20. gxf6 exf6
21. Nd2 Na2 22. Rxc8 Rxc8 23. e4 Bf7 24. Bd3 Nc1 25. Bb5 a6 26. Bd7 Ne2+ 27.
Kg2 Rd8 28. Bg4 Nxg3 29. fxg3 Rxd4 30. Rf2 f5 31. Bf3 Bh6 0-1

[Event "Championnat de France - Accession"]
[Site "Nimes"]
[Date "2009.08.13"]
[Round "3.2"]
[White "Debray, Christopher"]
[Black "Van Elst, Andreas"]
[Result "1/2-1/2"]
[WhiteElo "2328"]
[BlackElo "2288"]
[PlyCount "160"]

1. d4 Nf6 2. c4 g6 3. Nf3 Bg7 4. g3 O-O 5. Bg2 d6 6. O-O Nbd7 7. Nc3 e5 8. e4
c6 9. h3 Qa5 10. a3 exd4 11. Nxd4 Ne5 12. Nb3 Qc7 13. Qe2 a6 14. Be3 Be6 15.
Nd2 b5 16. b3 bxc4 17. bxc4 Nfd7 18. Rac1 f5 19. f4 Nf7 20. exf5 gxf5 21. Nd5
Bxd5 22. cxd5 c5 23. Qd3 Nh6 24. Nf3 Rfe8 25. Ng5 Nf8 26. Ne6 Nxe6 27. dxe6
Rad8 28. Bd5 Kh8 29. Rb1 Rb8 30. Qxa6 Ng8 31. Qd3 Ne7 32. g4 Nxd5 33. Qxd5 fxg4
34. hxg4 Qe7 35. g5 Rxb1 36. Rxb1 Qxe6 37. Qxe6 Rxe6 38. Rb8+ Bf8 39. Bxc5 dxc5
40. Rxf8+ Kg7 41. Rf5 Ra6 42. Rxc5 Rxa3 43. Kf2 Kg6 44. Re5 Ra6 45. Kf3 h6 46.
gxh6 Kxh6 47. Rg5 Rg6 48. Rb5 Kg7 49. Ke4 Ra6 50. Kf5 Kf7 51. Rb7+ Kf8 52. Kg5
Rc6 53. f5 Ra6 54. Rh7 Kg8 55. Rh1 Kg7 56. Rd1 Rb6 57. Rd7+ Kf8 58. Rd5 Kg7 59.
Ra5 Rc6 60. Ra7+ Kf8 61. Kf4 Rb6 62. Ra5 Kf7 63. Ke5 Rc6 64. Ra7+ Kf8 65. Rh7
Ra6 66. Rd7 Rb6 67. Rc7 Ra6 68. Rh7 Rb6 69. Kf4 Kg8 70. Rc7 Kf8 71. Kg5 Ra6 72.
f6 Ra1 73. Rc5 Rg1+ 74. Kf5 Rf1+ 75. Ke6 Re1+ 76. Re5 Rxe5+ 77. Kxe5 Kf7 78.
Kf5 Kg8 79. Kg5 Kf7 80. Kf5 Kf8 1/2-1/2

[Event "Championnat de France - Accession"]
[Site "Nimes"]
[Date "2009.08.13"]
[Round "3.3"]
[White "Jablonski, Noham"]
[Black "Valles, Manuel"]
[Result "1/2-1/2"]
[WhiteElo "2305"]
[BlackElo "2142"]
[PlyCount "80"]

1. e4 c5 2. Nf3 Nc6 3. Bb5 e6 4. O-O Nge7 5. c3 a6 6. Ba4 b5 7. Bc2 d5 8. d4
cxd4 9. Nxd4 Nxd4 10. Qxd4 Bb7 11. e5 Qc7 12. Re1 Ng6 13. b4 Be7 14. Bd3 Qc6
15. Nd2 Rc8 16. Bb2 f5 17. exf6 gxf6 18. f4 Qd6 19. Bxg6+ hxg6 20. Qe3 Kd7 21.
Nb3 g5 22. Nd4 gxf4 23. Qxe6+ Qxe6 24. Rxe6 Rcf8 25. Rae1 Bd6 26. Nf5 Be5 27.
Re7+ Kc6 28. Nd4+ Kb6 29. Nf3 Re8 30. Rxe8 Rxe8 31. Bc1 d4 32. Nxe5 Rxe5 33.
Rxe5 fxe5 34. cxd4 f3 35. gxf3 exd4 36. Bb2 Bxf3 37. Bxd4+ Kc6 38. Kf2 Bh5 39.
Kg3 Kd5 40. Bb6 Ke6 1/2-1/2

[Event "Championnat de France - Accession"]
[Site "Nimes"]
[Date "2009.08.13"]
[Round "3.4"]
[White "Moussard, Jules"]
[Black "Di Nicolantonio, Lucas"]
[Result "1/2-1/2"]
[WhiteElo "2292"]
[BlackElo "2100"]
[PlyCount "114"]

1. g3 d5 2. Bg2 e5 3. d3 Nc6 4. Nd2 Be6 5. a3 a5 6. Ngf3 f6 7. O-O Nge7 8. e4
d4 9. Ne1 g5 10. Bf3 Qd7 11. Bh5+ Ng6 12. Ng2 O-O-O 13. Nc4 b6 14. Bd2 Kb7 15.
Qb1 Ra8 16. b3 Be7 17. c3 Rhd8 18. Be2 dxc3 19. Bxc3 Nd4 20. Bxd4 Qxd4 21. Qc2
Bxc4 22. bxc4 Bc5 23. Ne3 Qd6 24. Nf5 Qf8 25. Rfb1 Ne7 26. Rb5 Nc6 27. Rab1 Nd4
28. Nxd4 Rxd4 29. Qa4 Bxa3 30. Rxa5 Rxa5 31. Qxa5 Bc5 32. Qa4 Rd8 33. Kf1 Qe8
34. Rb5 Ra8 35. Qb3 Qf8 36. Qc2 Qd6 37. Rb3 Ra3 38. Rxa3 Bxa3 39. Bh5 Qd7 40.
Kg2 Bc5 41. Qe2 c6 42. Qf3 Qe7 43. Qf5 b5 44. cxb5 cxb5 45. Bg4 Kb6 46. Qc8 Qd6
47. Bd7 Qc7 48. Qxc7+ Kxc7 49. Bxb5 Kd6 50. f3 Ke7 51. Kh3 Kf7 52. Kg4 Kg7 53.
h3 h6 54. f4 gxf4 55. gxf4 Be3 56. fxe5 fxe5 57. Kf5 Bd4 1/2-1/2